[Event "35t. Copenhagen Open (Politiken Cup)"]
[Site "Elsinore"]
[Date "2013.07.27"]
[Round "1"]
[White "Aabling Thomsen, Jakob"]
[Black "Christenson, Bjorn Aa"]
[Result "1-0"]
[WhiteElo "2370"]
[BlackElo "1886"]
[PlyCount "107"]
[EventDate "2013.07.27"]
[EventType "swiss"]
[EventRounds "10"]
[EventCountry "DEN"]
[Source "ChessBase"]
[SourceDate "2013.08.26"]

1. e4 e5 2. Nf3 Nc6 3. Bc4 Nf6 4. d3 Bc5 5. O-O d6 6. c3 O-O 7. h3 h6 8. Re1
Re8 9. Nbd2 Bb6 10. Nf1 Ne7 11. Qb3 Rf8 12. d4 Nc6 13. dxe5 Na5 14. Qb4 Nc6 15.
Qb3 Nxe5 16. Nxe5 dxe5 17. Ng3 Nd7 18. a4 Qf6 19. Be3 Bxe3 20. Rxe3 Nc5 21. Qc2
Be6 22. Rf3 Qe7 23. Nf5 Bxf5 24. Rxf5 g6 25. Rf3 Kg7 26. Rd1 Rad8 27. Rxd8 Qxd8
28. b4 Nd7 29. a5 b6 30. Rd3 Qe7 31. Qa4 Nf6 32. Qc6 Rd8 33. Rxd8 Qxd8 34. Bd5
bxa5 35. bxa5 Nxd5 36. exd5 Qd6 37. Qb7 Qc5 38. a6 e4 39. Qb2 Qc4 40. Qb7 Qc5
41. c4 e3 42. Qb2+ Kg8 43. fxe3 Qxe3+ 44. Qf2 Qb6 45. Qxb6 cxb6 46. Kf2 Kf8 47.
Ke3 Ke7 48. g4 Kd6 49. Ke4 f6 50. h4 Kc5 51. h5 gxh5 52. gxh5 b5 53. cxb5 Kxb5
54. Kf5 1-0

[Event "35t. Copenhagen Open (Politiken Cup)"]
[Site "Elsinore"]
[Date "2013.07.27"]
[Round "1"]
[White "Andersen, Dag"]
[Black "Cherednichenko, Svetlana"]
[Result "1/2-1/2"]
[WhiteElo "1860"]
[BlackElo "2290"]
[PlyCount "114"]
[EventDate "2013.07.27"]
[EventType "swiss"]
[EventRounds "10"]
[EventCountry "DEN"]
[Source "ChessBase"]
[SourceDate "2013.08.26"]

1. d4 f5 2. g3 Nf6 3. Bg2 e6 4. c4 Be7 5. Nc3 d6 6. Nf3 O-O 7. O-O Ne4 8. Qc2
Nxc3 9. Qxc3 Bf6 10. Rd1 Qe8 11. Bg5 Nd7 12. Bxf6 Nxf6 13. Rac1 Qh5 14. b4 Ng4
15. h3 Nf6 16. Qe1 Bd7 17. Qf1 Rae8 18. Ne1 Bc6 19. Bxc6 bxc6 20. Nd3 e5 21.
dxe5 dxe5 22. Nc5 f4 23. Rc3 Qf5 24. Qg2 e4 25. gxf4 Qxf4 26. Rg3 Rf7 27. e3
Qh6 28. Rd4 Rfe7 29. Qf1 Qh5 30. Qd1 Qxd1+ 31. Rxd1 Rb8 32. a3 Ne8 33. Rg4 Nf6
34. Rf4 Rbe8 35. Rd4 h6 36. Rf5 Kh7 37. Nb3 Nd7 38. Ra5 Ra8 39. Nc5 Nxc5 40.
Rxc5 Re6 41. Rd7 Rf8 42. Ra5 Rg6+ 43. Kf1 Rf3 44. Re5 Rgf6 45. Rxe4 Rxf2+ 46.
Ke1 Rf1+ 47. Kd2 Ra1 48. Kc3 Rxa3+ 49. Kb2 Ra4 50. Kb3 Ra6 51. Ree7 Rg6 52.
Rxc7 Rg3 53. Kc3 Ra3+ 54. Kd4 Ra4 55. Kc3 Ra3+ 56. Kd4 Ra4 57. Kc3 Ra3+ 1/2-1/2

[Event "35t. Copenhagen Open (Politiken Cup)"]
[Site "Elsinore"]
[Date "2013.07.27"]
[Round "1"]
[White "Andersen, Daniel"]
[Black "Teplyi, Igor"]
[Result "1/2-1/2"]
[WhiteElo "1917"]
[BlackElo "2409"]
[PlyCount "80"]
[EventDate "2013.07.27"]
[EventType "swiss"]
[EventRounds "10"]
[EventCountry "DEN"]
[Source "ChessBase"]
[SourceDate "2013.08.26"]

1. c4 g6 2. e4 e5 3. d4 d6 4. dxe5 dxe5 5. Qxd8+ Kxd8 6. Nc3 c6 7. f4 Nd7 8.
Nf3 Bg7 9. fxe5 Nxe5 10. Bf4 f6 11. O-O-O+ Kc7 12. Be2 Bh6 13. Bxh6 Nxh6 14.
Nxe5 fxe5 15. Rhf1 Bd7 16. h3 Raf8 17. Kd2 Kd8 18. Ke3 Ke7 19. Nb1 Be6 20. Nd2
Rxf1 21. Rxf1 c5 22. Nb1 Nf7 23. Nc3 Nd6 24. b3 Rd8 25. Bg4 Bg8 26. Rd1 Ne8 27.
Rxd8 Kxd8 28. h4 Nd6 29. g3 b6 30. Be2 a6 31. a4 Be6 32. Bd1 Ke7 33. Be2 h6 34.
Nd5+ Bxd5 35. exd5 Nf5+ 36. Kf2 Kf6 37. Bg4 Nd6 38. Ke3 b5 39. cxb5 axb5 40. a5
b4 1/2-1/2

[Event "35t. Copenhagen Open (Politiken Cup)"]
[Site "Elsinore"]
[Date "2013.07.27"]
[Round "1"]
[White "Andersen, Morten"]
[Black "Henninger, Holger"]
[Result "0-1"]
[WhiteElo "2166"]
[BlackElo "1759"]
[PlyCount "104"]
[EventDate "2013.07.27"]
[EventType "swiss"]
[EventRounds "10"]
[EventCountry "DEN"]
[Source "ChessBase"]
[SourceDate "2013.08.26"]

1. c4 f5 2. g3 Nf6 3. Bg2 g6 4. Nc3 Bg7 5. d3 O-O 6. e4 fxe4 7. dxe4 d6 8. Nge2
e5 9. O-O Nc6 10. h3 a6 11. Be3 Be6 12. Nd5 Ne7 13. Rc1 Qd7 14. Kh2 Rad8 15.
Qb3 c6 16. Nb6 Qc7 17. Nc3 Nc8 18. Rfd1 Qe7 19. Nca4 Nxb6 20. Bxb6 Rd7 21. Qc2
Bh6 22. Ra1 Qf7 23. b3 g5 24. Be3 Qh5 25. f3 Bxh3 26. Bxh3 g4 27. Bxh6 Qxh3+
28. Kg1 Qxh6 29. Rd3 gxf3 30. Rxf3 Rdf7 31. Raf1 Qg6 32. Nc3 d5 33. cxd5 cxd5
34. Rf5 Qxg3+ 35. Kh1 Qh3+ 36. Qh2 Qxh2+ 37. Kxh2 Ng4+ 38. Kg3 Rxf5 39. Rxf5
Rxf5 40. exf5 Nf6 41. Na4 Ne4+ 42. Kf3 Kf7 43. Nb6 Nc3 44. Nd7 e4+ 45. Kf4 Ke7
46. Nc5 h5 47. Nxb7 d4 48. Nc5 d3 49. Ke3 h4 50. Kd2 h3 51. f6+ Kxf6 52. Kxc3
Ke5 0-1

[Event "35t. Copenhagen Open (Politiken Cup)"]
[Site "Elsinore"]
[Date "2013.07.27"]
[Round "1"]
[White "Argandona Riveiro, Inigo"]
[Black "Degerfeldt, Sven"]
[Result "1-0"]
[WhiteElo "2388"]
[BlackElo "1921"]
[PlyCount "59"]
[EventDate "2013.07.27"]
[EventType "swiss"]
[EventRounds "10"]
[EventCountry "DEN"]
[Source "ChessBase"]
[SourceDate "2013.08.26"]

1. c4 c5 2. Nf3 Nc6 3. d4 cxd4 4. Nxd4 g6 5. e4 Bg7 6. Be3 d6 7. Nc3 Nf6 8. Be2
O-O 9. O-O Bd7 10. Qd2 a6 11. f3 Rc8 12. Rac1 Nxd4 13. Bxd4 Bc6 14. Rfd1 Qd7
15. Bb6 Qe6 16. Be3 Nd7 17. b4 Ne5 18. b5 axb5 19. cxb5 Bd7 20. Nd5 Kh8 21. Nc7
Rxc7 22. Rxc7 Ra8 23. Rxb7 h5 24. Ra7 Rxa7 25. Bxa7 Nc4 26. Qd5 Qxd5 27. Rxd5
Na5 28. Bd4 f6 29. b6 Nb7 30. Ba6 1-0

[Event "35t. Copenhagen Open (Politiken Cup)"]
[Site "Elsinore"]
[Date "2013.07.27"]
[Round "1"]
[White "Bach, Matthias"]
[Black "Frederiksen Kristian, Pade"]
[Result "1-0"]
[WhiteElo "2251"]
[BlackElo "1823"]
[PlyCount "45"]
[EventDate "2013.07.27"]
[EventType "swiss"]
[EventRounds "10"]
[EventCountry "DEN"]
[Source "ChessBase"]
[SourceDate "2013.08.26"]

1. d4 Nf6 2. c4 g6 3. Nc3 Bg7 4. e4 d6 5. f4 O-O 6. Nf3 c5 7. d5 e6 8. Be2 exd5
9. cxd5 Bg4 10. O-O Re8 11. h3 Bxf3 12. Bxf3 Qa5 13. Qc2 Na6 14. e5 dxe5 15. f5
Nb4 16. Qb1 e4 17. Nxe4 Nxe4 18. Bxe4 Bd4+ 19. Kh1 Qa6 20. Bf4 Qe2 21. fxg6
Qxe4 22. gxf7+ Kxf7 23. Be5+ 1-0

[Event "35t. Copenhagen Open (Politiken Cup)"]
[Site "Elsinore"]
[Date "2013.07.27"]
[Round "1"]
[White "Bekker Jensen, David"]
[Black "Strachan, Christian C"]
[Result "1-0"]
[WhiteElo "2310"]
[BlackElo "1873"]
[PlyCount "81"]
[EventDate "2013.07.27"]
[EventType "swiss"]
[EventRounds "10"]
[EventCountry "DEN"]
[Source "ChessBase"]
[SourceDate "2013.08.26"]

1. d4 d5 2. c4 c6 3. Nc3 Nf6 4. e3 a6 5. Nf3 Nbd7 6. b3 g6 7. Qc2 Bg7 8. Be2
O-O 9. O-O Re8 10. Rd1 b5 11. Bb2 Bb7 12. Ne5 Qc7 13. f4 Rad8 14. Rac1 Qb6 15.
c5 Qc7 16. Nd3 Bc8 17. a4 Nf8 18. Qd2 Ne4 19. Qe1 f5 20. Ra1 Be6 21. Ra2 Ra8
22. Rda1 Qb7 23. b4 Nd7 24. Ra3 Ndf6 25. R1a2 Nxc3 26. Bxc3 Ne4 27. Qa1 bxa4
28. Rxa4 Reb8 29. Be1 Bc8 30. Nc1 Qd7 31. Nb3 Qe6 32. Bxa6 Bxa6 33. Rxa6 Rxa6
34. Rxa6 Nf6 35. Qc3 Ng4 36. Bd2 Rc8 37. Qd3 Nf6 38. b5 Ne4 39. Na5 Nxd2 40.
Qxd2 Qe4 41. b6 1-0

[Event "35t. Copenhagen Open (Politiken Cup)"]
[Site "Elsinore"]
[Date "2013.07.27"]
[Round "1"]
[White "Bekker Jensen, Simon"]
[Black "Nielsen, Ejgild"]
[Result "1-0"]
[WhiteElo "2414"]
[BlackElo "1900"]
[PlyCount "101"]
[EventDate "2013.07.27"]
[EventType "swiss"]
[EventRounds "10"]
[EventCountry "DEN"]
[Source "ChessBase"]
[SourceDate "2013.08.26"]

1. d4 Nf6 2. c4 e6 3. Nc3 Bb4 4. e3 O-O 5. Nge2 d5 6. a3 Be7 7. cxd5 exd5 8.
Nf4 c6 9. Bd3 b6 10. O-O Ba6 11. f3 Qc8 12. b4 Qd7 13. b5 cxb5 14. Qb3 b4 15.
axb4 Bxd3 16. Nxd3 Rd8 17. b5 Qe8 18. Nf4 Bd6 19. Nfxd5 Nxd5 20. Nxd5 Qe6 21.
e4 Nd7 22. Ba3 Nf8 23. Bxd6 Qxd6 24. Rfc1 Ne6 25. Rc6 Qd7 26. Qb4 h6 27. Rd1
Kh7 28. f4 Rdc8 29. Rd6 Qe8 30. e5 Nc7 31. Nxc7 Rxc7 32. d5 Rc5 33. Rc6 Rc8 34.
d6 Qd7 35. Rxc8 Rxc8 36. Qb1+ g6 37. Rc1 Rc5 38. Rxc5 bxc5 39. Qd3 h5 40. h3 h4
41. Qd5 Kg7 42. Qxc5 Qf5 43. Qd4 Qb1+ 44. Kh2 Qe1 45. e6+ f6 46. Qxa7+ Kh6 47.
d7 Qg3+ 48. Kh1 Qe1+ 49. Qg1 Qd2 50. b6 Qd5 51. b7 1-0

[Event "35t. Copenhagen Open (Politiken Cup)"]
[Site "Elsinore"]
[Date "2013.07.27"]
[Round "1"]
[White "Bjornes, Leif"]
[Black "Mikkelsen, Nikolaj"]
[Result "0-1"]
[WhiteElo "1918"]
[BlackElo "2418"]
[PlyCount "88"]
[EventDate "2013.07.27"]
[EventType "swiss"]
[EventRounds "10"]
[EventCountry "DEN"]
[Source "ChessBase"]
[SourceDate "2013.08.26"]

1. d4 Nf6 2. c4 c5 3. d5 e6 4. Nc3 exd5 5. cxd5 d6 6. e4 g6 7. f4 Bg7 8. e5
dxe5 9. fxe5 Nfd7 10. e6 fxe6 11. dxe6 Nf6 12. Qxd8+ Kxd8 13. Be3 Bxe6 14.
O-O-O+ Nbd7 15. Nf3 Re8 16. Bb5 a6 17. Bxd7 Nxd7 18. Bxc5 Bf5 19. Ng5 Rc8 20.
Bd4 Bh6 21. h4 Rc6 22. Rde1 Rxe1+ 23. Rxe1 b5 24. Kd2 Rc4 25. Be3 Kc8 26. g3 b4
27. Na4 Rc2+ 28. Kd1 Rg2 29. Bd2 Rxg3 30. Re8+ Kb7 31. Bxb4 Rg4 32. Nc5+ Nxc5
33. Bxc5 Rxh4 34. Nxh7 Kc6 35. Bf8 Bf4 36. Nf6 Bg5 37. Bg7 Rh2 38. Ne4 Bg4+ 39.
Ke1 Be3 40. Kf1 Be2+ 41. Ke1 Bf3 42. Re6+ Kd7 43. Nc5+ Bxc5 44. Rxg6 Be3 0-1

[Event "35t. Copenhagen Open (Politiken Cup)"]
[Site "Elsinore"]
[Date "2013.07.27"]
[Round "1"]
[White "Borg, Flemming"]
[Black "Lindgren, Philip"]
[Result "0-1"]
[WhiteElo "1855"]
[BlackElo "2287"]
[PlyCount "36"]
[EventDate "2013.07.27"]
[EventType "swiss"]
[EventRounds "10"]
[EventCountry "DEN"]
[Source "ChessBase"]
[SourceDate "2013.08.26"]

1. e4 c5 2. c3 d5 3. d3 Nc6 4. Nf3 g6 5. Qc2 Bg7 6. g3 e5 7. Bg2 Nge7 8. O-O
O-O 9. Nbd2 h6 10. Re1 Be6 11. Nf1 Qd7 12. Ne3 d4 13. cxd4 cxd4 14. Nf1 Nb4 15.
Qb1 Rfc8 16. Re2 Qb5 17. Ne1 Bxa2 18. Rxa2 Nxa2 0-1

[Event "35t. Copenhagen Open (Politiken Cup)"]
[Site "Elsinore"]
[Date "2013.07.27"]
[Round "1"]
[White "Boukhris, Yacine"]
[Black "Wadtland, Flemming"]
[Result "1/2-1/2"]
[WhiteElo "2058"]
[BlackElo "1585"]
[PlyCount "95"]
[EventDate "2013.07.27"]
[EventType "swiss"]
[EventRounds "10"]
[EventCountry "DEN"]
[Source "ChessBase"]
[SourceDate "2013.08.26"]

1. e4 c6 2. d4 d5 3. Nc3 dxe4 4. Nxe4 Bf5 5. Ng3 Bg6 6. Bc4 e6 7. N1e2 Bd6 8.
O-O Nd7 9. f4 Ngf6 10. f5 exf5 11. Nxf5 Bxf5 12. Rxf5 Qc7 13. Ng3 O-O-O 14. Rf3
Rde8 15. Kh1 Ng4 16. Qf1 Ndf6 17. Bd2 h5 18. Qd3 Nxh2 19. Kxh2 h4 20. Kg1 Bxg3
21. Qf5+ Qd7 22. Qxd7+ Kxd7 23. Bg5 Re7 24. Bxf6 gxf6 25. Rxf6 Rhe8 26. Raf1
Re1 27. Rxf7+ Kc8 28. Rxe1 Rxe1+ 29. Rf1 Kc7 30. Rxe1 Bxe1 31. Kf1 Bg3 32. Ke2
b5 33. Bd3 a6 34. Ke3 Kd6 35. Ke4 Bf2 36. Be2 Bg3 37. Bg4 a5 38. Bf3 b4 39. Kd3
Kc7 40. Kc4 Kb6 41. Kd3 Be1 42. c4 bxc3 43. bxc3 Kb5 44. c4+ Kb6 45. c5+ Kc7
46. Be4 Bf2 47. Kc4 Be1 48. Kd3 1/2-1/2

[Event "35t. Copenhagen Open (Politiken Cup)"]
[Site "Elsinore"]
[Date "2013.07.27"]
[Round "1"]
[White "Brogaard, Lars"]
[Black "Alquist, Erik"]
[Result "0-1"]
[WhiteElo "1570"]
[BlackElo "2053"]
[PlyCount "42"]
[EventDate "2013.07.27"]
[EventType "swiss"]
[EventRounds "10"]
[EventCountry "DEN"]
[Source "ChessBase"]
[SourceDate "2013.08.26"]

1. f4 c5 2. Nf3 Nc6 3. e3 g6 4. Be2 Bg7 5. d3 Nf6 6. O-O d6 7. a4 O-O 8. c3 b6
9. Na3 Bb7 10. Nc2 a6 11. e4 Qc7 12. Qe1 c4 13. Qh4 Na5 14. f5 cxd3 15. Bxd3
Nb3 16. Bh6 Nxa1 17. Bxg7 Kxg7 18. Ng5 h6 19. Ne6+ fxe6 20. fxg6 Nxc2 21. Bxc2
Qc5+ 0-1

[Event "35t. Copenhagen Open (Politiken Cup)"]
[Site "Elsinore"]
[Date "2013.07.27"]
[Round "1"]
[White "Brorsen, Jacob Abildlund"]
[Black "Wimo, Jorgen"]
[Result "1-0"]
[WhiteElo "2142"]
[BlackElo "1714"]
[PlyCount "61"]
[EventDate "2013.07.27"]
[EventType "swiss"]
[EventRounds "10"]
[EventCountry "DEN"]
[Source "ChessBase"]
[SourceDate "2013.08.26"]

1. d4 d5 2. c4 c6 3. Nf3 e6 4. g3 Nf6 5. Bg2 Be7 6. O-O O-O 7. Qc2 Nbd7 8. Bf4
dxc4 9. Qxc4 Nb6 10. Qc2 Nbd5 11. Bd2 Nb4 12. Qa4 Nbd5 13. Nc3 b5 14. Qc2 Bb7
15. Rad1 Rc8 16. Nxd5 cxd5 17. Qb3 Qd7 18. Ne5 Qe8 19. Rc1 a6 20. Ba5 Nd7 21.
Nd3 f6 22. Rxc8 Bxc8 23. Rc1 Qf7 24. Nf4 g5 25. Nxe6 Nc5 26. Nxc5 Qh5 27. Qxd5+
Kg7 28. Ne6+ Bxe6 29. Qxe6 Rf7 30. Bd5 Qg6 31. Rc7 1-0

[Event "35t. Copenhagen Open (Politiken Cup)"]
[Site "Elsinore"]
[Date "2013.07.27"]
[Round "1"]
[White "Bruun, Hendrik Emil"]
[Black "Fossan, Andreas"]
[Result "1-0"]
[WhiteElo "2078"]
[BlackElo "1622"]
[PlyCount "49"]
[EventDate "2013.07.27"]
[EventType "swiss"]
[EventRounds "10"]
[EventCountry "DEN"]
[Source "ChessBase"]
[SourceDate "2013.08.26"]

1. e4 c5 2. Nf3 g6 3. d4 cxd4 4. Nxd4 Bg7 5. Nc3 Nc6 6. Be3 Nf6 7. Nxc6 bxc6 8.
e5 Ng8 9. f4 f6 10. Bd4 Qa5 11. Bc4 c5 12. Bf2 Rb8 13. O-O fxe5 14. fxe5 e6 15.
Qd6 Qb6 16. Bxc5 Qxd6 17. Bxd6 Rxb2 18. Bb3 Ba6 19. Rfe1 Bc4 20. Bxc4 Rxc2 21.
Rac1 Rd2 22. Ne4 Rd4 23. Bxe6 dxe6 24. Rc8+ Kf7 25. Ng5# 1-0

[Event "35t. Copenhagen Open (Politiken Cup)"]
[Site "Elsinore"]
[Date "2013.07.27"]
[Round "1"]
[White "Bue, Gunnar"]
[Black "Thaler, Toni"]
[Result "0-1"]
[WhiteElo "1654"]
[BlackElo "2091"]
[PlyCount "60"]
[EventDate "2013.07.27"]
[EventType "swiss"]
[EventRounds "10"]
[EventCountry "DEN"]
[Source "ChessBase"]
[SourceDate "2013.08.26"]

1. d4 f5 2. c4 Nf6 3. Nc3 g6 4. e3 Bg7 5. Nf3 O-O 6. Be2 c6 7. O-O d6 8. b4 Qe8
9. Bb2 e5 10. dxe5 dxe5 11. b5 Qe7 12. a4 Rd8 13. Qc2 e4 14. Nd2 Be6 15. Rfd1
Nbd7 16. Ba3 Qf7 17. Rab1 Ne5 18. h3 Bxc4 19. Nxc4 Nxc4 20. Rxd8+ Rxd8 21. Bc1
Ne5 22. bxc6 bxc6 23. Qb3 Nd3 24. Qxf7+ Kxf7 25. Rb7+ Rd7 26. Rxd7+ Nxd7 27.
Bxd3 exd3 28. Bd2 Nc5 29. Kf1 Bxc3 30. Bxc3 Nxa4 0-1

[Event "35t. Copenhagen Open (Politiken Cup)"]
[Site "Elsinore"]
[Date "2013.07.27"]
[Round "1"]
[White "Carnstam, Tomas"]
[Black "Skjolas, Erling Dyrhaug"]
[Result "1-0"]
[WhiteElo "2052"]
[BlackElo "1581"]
[PlyCount "69"]
[EventDate "2013.07.27"]
[EventType "swiss"]
[EventRounds "10"]
[EventCountry "DEN"]
[Source "ChessBase"]
[SourceDate "2013.08.26"]

1. d4 Nf6 2. c4 g6 3. g3 Bg7 4. Bg2 O-O 5. e4 d6 6. Nc3 c5 7. d5 e6 8. dxe6
Bxe6 9. e5 Re8 10. exf6 Bxc4+ 11. Nge2 Bxf6 12. O-O Bxc3 13. Nxc3 Bxf1 14. Kxf1
Nc6 15. Ne4 Re6 16. Bg5 f6 17. Qd5 Nd4 18. Bxf6 Qd7 19. Bxd4 Kf8 20. Nxc5 Qb5+
21. Kg1 dxc5 22. Bxc5+ Kf7 23. Re1 Rae8 24. Rxe6 Rxe6 25. Bh3 Qc6 26. Bxe6+
Qxe6 27. Qxe6+ Kxe6 28. Bxa7 Kd5 29. Kf1 h6 30. Ke2 Ke5 31. Kd3 Kd5 32. f4 g5
33. fxg5 hxg5 34. g4 Ke5 35. Be3 1-0

[Event "35t. Copenhagen Open (Politiken Cup)"]
[Site "Elsinore"]
[Date "2013.07.27"]
[Round "1"]
[White "Carstensen, Jacob"]
[Black "Hansen, Ib Lynaes"]
[Result "1-0"]
[WhiteElo "2384"]
[BlackElo "1895"]
[PlyCount "59"]
[EventDate "2013.07.27"]
[EventType "swiss"]
[EventRounds "10"]
[EventCountry "DEN"]
[Source "ChessBase"]
[SourceDate "2013.08.26"]

1. d4 Nf6 2. c4 g6 3. Nc3 d5 4. Nf3 Bg7 5. Bf4 O-O 6. e3 c6 7. h3 Nbd7 8. Bd3
dxc4 9. Bxc4 Nb6 10. Bb3 Nbd5 11. Bh2 Nxc3 12. bxc3 Bf5 13. O-O Qa5 14. Rc1
Rad8 15. Ne5 Bc8 16. Qf3 Be6 17. Bxe6 fxe6 18. Qe2 Rc8 19. Qb2 Qa6 20. Rb1 b5
21. Qb3 Nd5 22. e4 Nc7 23. Nd7 Rf7 24. Bxc7 Rxc7 25. Nc5 Qc8 26. Nxe6 Rb7 27.
Ng5 e5 28. Nxf7 Rxf7 29. d5 cxd5 30. exd5 1-0

[Event "35t. Copenhagen Open (Politiken Cup)"]
[Site "Elsinore"]
[Date "2013.07.27"]
[Round "1"]
[White "Christensen, Bo Garner"]
[Black "Rose, Dennis Lauge"]
[Result "1-0"]
[WhiteElo "2256"]
[BlackElo "1827"]
[PlyCount "61"]
[EventDate "2013.07.27"]
[EventType "swiss"]
[EventRounds "10"]
[EventCountry "DEN"]
[Source "ChessBase"]
[SourceDate "2013.08.26"]

1. e4 c5 2. Nf3 Nc6 3. a3 d6 4. b4 cxb4 5. axb4 b6 6. b5 Na5 7. d4 g6 8. Bd3
Bg7 9. O-O Nf6 10. Bd2 Qc7 11. e5 dxe5 12. Nxe5 O-O 13. Bxa5 bxa5 14. Qe1 Qb6
15. Nc6 Nd5 16. Rxa5 Bxd4 17. Qe4 Bc3 18. Nxc3 Nxc3 19. Qe5 Nd5 20. Qxd5 Bb7
21. Ra4 e6 22. Qd6 Rfd8 23. Ne7+ Kg7 24. Qxb6 axb6 25. Rxa8 Rxa8 26. f4 Ra4 27.
Nc6 f5 28. g3 Kf6 29. Re1 h5 30. Ne5 h4 31. Nd7+ 1-0

[Event "35t. Copenhagen Open (Politiken Cup)"]
[Site "Elsinore"]
[Date "2013.07.27"]
[Round "1"]
[White "Christensen, Janus"]
[Black "Collins, Alan"]
[Result "1-0"]
[WhiteElo "2156"]
[BlackElo "1740"]
[PlyCount "83"]
[EventDate "2013.07.27"]
[EventType "swiss"]
[EventRounds "10"]
[EventCountry "DEN"]
[Source "ChessBase"]
[SourceDate "2013.08.26"]

1. e4 d5 2. exd5 Qxd5 3. Nf3 Nf6 4. c4 Qa5 5. Nc3 c6 6. d4 Bf5 7. Bd3 e6 8. O-O
Bg4 9. Bf4 Nbd7 10. c5 Be7 11. a3 O-O 12. b4 Qd8 13. h3 Bxf3 14. Qxf3 Re8 15.
Rfe1 Nd5 16. Nxd5 exd5 17. Bc2 Bf6 18. Qd3 g6 19. Re3 Rxe3 20. fxe3 Nf8 21. Rf1
Ne6 22. Bd6 Ng5 23. Qe2 Bg7 24. Qf2 Qd7 25. h4 Ne4 26. Bxe4 dxe4 27. h5 a5 28.
Qh4 axb4 29. axb4 Bh6 30. Qxe4 Re8 31. Be5 Bg7 32. hxg6 hxg6 33. Qf4 Bxe5 34.
dxe5 Qd5 35. e4 Qe6 36. Rf3 Rd8 37. Rh3 Rd4 38. Qg5 f5 39. exf6 Qf7 40. Rh6
Rd1+ 41. Kh2 Qc7+ 42. e5 1-0

[Event "35t. Copenhagen Open (Politiken Cup)"]
[Site "Elsinore"]
[Date "2013.07.27"]
[Round "1"]
[White "Christiansen, Jens Jorgen"]
[Black "Starup, Leo"]
[Result "1-0"]
[WhiteElo "2121"]
[BlackElo "1686"]
[PlyCount "59"]
[EventDate "2013.07.27"]
[EventType "swiss"]
[EventRounds "10"]
[EventCountry "DEN"]
[Source "ChessBase"]
[SourceDate "2013.08.26"]

1. d4 d5 2. c4 Nf6 3. cxd5 Qxd5 4. Nc3 Qd8 5. Bg5 e6 6. Nf3 Be7 7. e3 O-O 8.
Qc2 b6 9. Bd3 h6 10. Bh4 Bb7 11. O-O a5 12. Rfd1 Nc6 13. a3 Nd5 14. Bg3 Bd6 15.
e4 Nxc3 16. Qxc3 Bxg3 17. hxg3 Rc8 18. b4 Re8 19. Bb5 Na7 20. Bxe8 Qxe8 21. d5
exd5 22. exd5 a4 23. Nd4 Qe4 24. Qf3 Qe5 25. Qf5 Qxd5 26. Qxd5 Bxd5 27. Nf5 Bb3
28. Ne7+ Kf8 29. Nxc8 Bxd1 30. Nxa7 1-0

[Event "35t. Copenhagen Open (Politiken Cup)"]
[Site "Elsinore"]
[Date "2013.07.27"]
[Round "1"]
[White "Eddy, Samuel"]
[Black "Kristensen, Lars Ostergaard"]
[Result "1-0"]
[WhiteElo "2096"]
[BlackElo "1666"]
[PlyCount "55"]
[EventDate "2013.07.27"]
[EventType "swiss"]
[EventRounds "10"]
[EventCountry "DEN"]
[Source "ChessBase"]
[SourceDate "2013.08.26"]

1. d4 d5 2. Nc3 Nf6 3. Bg5 Bf5 4. Bxf6 gxf6 5. e3 Nc6 6. Bd3 Qd7 7. Nge2 Nb4 8.
Bxf5 Qxf5 9. Rc1 Qg4 10. a3 Qxg2 11. Rg1 Qxh2 12. axb4 O-O-O 13. Qd3 e5 14.
Qf5+ Kb8 15. Qf3 exd4 16. Qxf6 Bxb4 17. Qxd4 Bxc3+ 18. bxc3 Rhg8 19. Rxg8 Rxg8
20. Qxd5 b6 21. Rd1 h5 22. Rd4 a5 23. Rf4 h4 24. Rxf7 h3 25. Nd4 Qg2 26. Nc6+
Ka8 27. Rxc7 Rg7 28. Qd8# 1-0

[Event "35t. Copenhagen Open (Politiken Cup)"]
[Site "Elsinore"]
[Date "2013.07.27"]
[Round "1"]
[White "Edouard, Romain"]
[Black "Green, Per"]
[Result "1-0"]
[WhiteElo "2662"]
[BlackElo "1967"]
[PlyCount "73"]
[EventDate "2013.07.27"]
[EventType "swiss"]
[EventRounds "10"]
[EventCountry "DEN"]
[Source "ChessBase"]
[SourceDate "2013.08.26"]

1. d4 Nf6 2. c4 e6 3. Nc3 Bb4 4. e3 O-O 5. Bd3 d5 6. Nf3 c5 7. O-O dxc4 8. Bxc4
Nbd7 9. a3 Ba5 10. Qe2 a6 11. Rd1 b5 12. Bd3 Qe7 13. e4 cxd4 14. Nxd4 Ne5 15.
Bc2 Bb7 16. f4 Bxc3 17. bxc3 Nc4 18. a4 Qc5 19. Rb1 e5 20. fxe5 Nxe5 21. Rb3
Rfe8 22. axb5 Nc4 23. bxa6 Bxe4 24. Bxe4 Rxe4 25. Qa2 h6 26. Qa4 Ne5 27. Ra3
Nfg4 28. Qb4 Qc8 29. Qb7 Nf6 30. Rf1 Rg4 31. h3 Rg6 32. Nf5 Kh7 33. Qxc8 Rxc8
34. Ne7 Ra8 35. Nxg6 Kxg6 36. Ra4 Nc6 37. Be3 1-0

[Event "35t. Copenhagen Open (Politiken Cup)"]
[Site "Elsinore"]
[Date "2013.07.27"]
[Round "1"]
[White "Edwardsson, Hannu Kalervo"]
[Black "Andreasen, Jakup a Rogvi"]
[Result "0-1"]
[WhiteElo "1474"]
[BlackElo "2008"]
[PlyCount "44"]
[EventDate "2013.07.27"]
[EventType "swiss"]
[EventRounds "10"]
[EventCountry "DEN"]
[Source "ChessBase"]
[SourceDate "2013.08.26"]

1. e4 c5 2. Nf3 Nc6 3. Be2 Nf6 4. d3 g6 5. O-O Bg7 6. c4 O-O 7. Nc3 a6 8. Be3
b6 9. a4 e6 10. b3 Qc7 11. h3 d5 12. cxd5 exd5 13. exd5 Nb4 14. Qc1 Nfxd5 15.
Bd2 Re8 16. Re1 Bf5 17. Rb1 Bxc3 18. Bxc3 Na2 19. Qb2 Ndxc3 20. Qd2 Nxb1 21.
Rxb1 Rad8 22. Nh2 Rxe2 0-1

[Event "35t. Copenhagen Open (Politiken Cup)"]
[Site "Elsinore"]
[Date "2013.07.27"]
[Round "1"]
[White "Emborg, Jens"]
[Black "Ivarsson, Tryggve"]
[Result "0-1"]
[WhiteElo "1618"]
[BlackElo "2121"]
[PlyCount "82"]
[EventDate "2013.07.27"]
[EventType "swiss"]
[EventRounds "10"]
[EventCountry "DEN"]
[Source "ChessBase"]
[SourceDate "2013.08.26"]

1. e4 e6 2. d4 d5 3. exd5 exd5 4. Nf3 Bd6 5. Bd3 Ne7 6. O-O Bg4 7. Re1 Nbc6 8.
c3 Qd7 9. Be3 O-O 10. h3 Bf5 11. Qc2 Rae8 12. Nbd2 h6 13. Ne5 Bxe5 14. Bxf5
Qxf5 15. Qxf5 Nxf5 16. dxe5 Nxe3 17. Rxe3 Rxe5 18. Rae1 Rfe8 19. Nf3 Rxe3 20.
Rxe3 Rxe3 21. fxe3 a6 22. Kf2 f6 23. Nd4 Ne5 24. Ke2 Kf7 25. Nf5 h5 26. Ng3 g6
27. Nf1 Ke6 28. Nd2 Kf5 29. Nf3 Nd7 30. Nd4+ Ke5 31. b4 Kd6 32. a4 c6 33. Nb3
c5 34. Nxc5 Nxc5 35. bxc5+ Kxc5 36. Kd3 a5 37. e4 dxe4+ 38. Kxe4 b5 39. axb5 a4
40. b6 Kxb6 41. Kd3 Kc5 0-1

[Event "35t. Copenhagen Open (Politiken Cup)"]
[Site "Elsinore"]
[Date "2013.07.27"]
[Round "1"]
[White "Evertsson, Lennart"]
[Black "Andersen, Claus"]
[Result "1-0"]
[WhiteElo "2200"]
[BlackElo "1806"]
[PlyCount "75"]
[EventDate "2013.07.27"]
[EventType "swiss"]
[EventRounds "10"]
[EventCountry "DEN"]
[Source "ChessBase"]
[SourceDate "2013.08.26"]

1. d4 Nf6 2. c4 g6 3. Nc3 d5 4. Nf3 Bg7 5. Bg5 Ne4 6. Bh4 Nxc3 7. bxc3 c5 8. e3
Nc6 9. Qa4 O-O 10. Be2 dxc4 11. O-O Bd7 12. Qxc4 cxd4 13. cxd4 Rc8 14. Qb3 Na5
15. Qb4 Re8 16. Ne5 Nc6 17. Nxc6 Bxc6 18. Rad1 a5 19. Qb1 g5 20. Bg3 e6 21. Rd2
Bf8 22. Qd3 Bb4 23. Rb2 Qd5 24. f3 Qd7 25. a3 Bf8 26. h4 h6 27. hxg5 hxg5 28.
Kf2 f5 29. Be5 Bg7 30. Bxg7 Qxg7 31. Qb3 Re7 32. Bc4 a4 33. Qd3 g4 34. Qxf5 g3+
35. Ke1 Rce8 36. Rh1 Qf8 37. Bxe6+ Rxe6 38. Qh7# 1-0